<?xml version="1.0" encoding="UTF-8"?>
<record
    xmlns:xsi="http://www.w3.org/2001/XMLSchema-instance"
    xsi:schemaLocation="http://www.loc.gov/MARC21/slim http://www.loc.gov/standards/marcxml/schema/MARC21slim.xsd"
    xmlns="http://www.loc.gov/MARC21/slim">

  <leader>02249    a2200229   4500</leader>
  <controlfield tag="003">NALT</controlfield>
  <controlfield tag="005">20241025161912.0</controlfield>
  <controlfield tag="008">241007b        th ||||| |||| 00| 0 tha d</controlfield>
  <datafield tag="020" ind1=" " ind2=" ">
    <subfield code="a">9786166083514</subfield>
  </datafield>
  <datafield tag="040" ind1=" " ind2=" ">
    <subfield code="a">NALT</subfield>
  </datafield>
  <datafield tag="050" ind1=" " ind2=" ">
    <subfield code="a">B 126</subfield>
    <subfield code="b">&#xE0D;299&#xE2A; 2567</subfield>
  </datafield>
  <datafield tag="100" ind1="0" ind2=" ">
    <subfield code="a">&#xE0D;&#xE32;&#xE14;&#xE32; &#xE1E;&#xE34;&#xE21;&#xE1E;&#xE01;&#xE32;&#xE23;&#xE22;&#xE4C;</subfield>
    <subfield code="9">64944</subfield>
  </datafield>
  <datafield tag="245" ind1="1" ind2="0">
    <subfield code="a">325 &#xE1E;&#xE25;&#xE31;&#xE07;&#xE02;&#xE49;&#xE2D;&#xE04;&#xE34;&#xE14; &#xE0A;&#xE35;&#xE27;&#xE34;&#xE15;&#xE40;&#xE1B;&#xE25;&#xE35;&#xE48;&#xE22;&#xE19; &#xE08;&#xE32;&#xE01;&#xE19;&#xE31;&#xE01;&#xE1B;&#xE23;&#xE31;&#xE0A;&#xE0D;&#xE32;&#xE08;&#xE35;&#xE19;&#xE42;&#xE1A;&#xE23;&#xE32;&#xE13; /</subfield>
    <subfield code="c">&#xE0D;&#xE32;&#xE14;&#xE32; &#xE1E;&#xE34;&#xE21;&#xE1E;&#xE01;&#xE32;&#xE23;&#xE22;&#xE4C;, &#xE40;&#xE23;&#xE35;&#xE22;&#xE1A;&#xE40;&#xE23;&#xE35;&#xE22;&#xE07;.</subfield>
  </datafield>
  <datafield tag="250" ind1=" " ind2=" ">
    <subfield code="a">&#xE1E;&#xE34;&#xE21;&#xE1E;&#xE4C;&#xE04;&#xE23;&#xE31;&#xE49;&#xE07;&#xE17;&#xE35;&#xE48; 1.</subfield>
  </datafield>
  <datafield tag="260" ind1=" " ind2=" ">
    <subfield code="a">&#xE01;&#xE23;&#xE38;&#xE07;&#xE40;&#xE17;&#xE1E;&#xE2F; :</subfield>
    <subfield code="b">&#xE17;&#xE2D;&#xE23;&#xE4C;&#xE0A;,</subfield>
    <subfield code="c">2567.</subfield>
  </datafield>
  <datafield tag="300" ind1=" " ind2=" ">
    <subfield code="a">254 &#xE2B;&#xE19;&#xE49;&#xE32; :</subfield>
    <subfield code="b">&#xE20;&#xE32;&#xE1E;&#xE1B;&#xE23;&#xE30;&#xE01;&#xE2D;&#xE1A; ;</subfield>
    <subfield code="c">21 &#xE0B;&#xE21;.</subfield>
  </datafield>
  <datafield tag="505" ind1="2" ind2=" ">
    <subfield code="a">&#xE1B;&#xE23;&#xE31;&#xE0A;&#xE0D;&#xE32;&#xE08;&#xE35;&#xE19; -- &#xE01;&#xE27;&#xE32;&#xE19; &#xE08;&#xE07; (Guan Zhong) 720-645 &#xE1B;&#xE35;&#xE01;&#xE48;&#xE2D;&#xE19;&#xE04;&#xE23;&#xE34;&#xE2A;&#xE15;&#xE4C;&#xE28;&#xE31;&#xE01;&#xE23;&#xE32;&#xE0A; -- &#xE40;&#xE25;&#xE48;&#xE32;&#xE08;&#xE37;&#xE48;&#xE2D; (Lao-tzu/Laozi) 571-471 &#xE1B;&#xE35;&#xE01;&#xE48;&#xE2D;&#xE19;&#xE04;&#xE23;&#xE34;&#xE2A;&#xE15;&#xE4C;&#xE28;&#xE31;&#xE01;&#xE23;&#xE32;&#xE0A; -- &#xE02;&#xE07;&#xE08;&#xE37;&#xE49;&#xE2D; (Confucius) 551-479 &#xE1B;&#xE35;&#xE01;&#xE48;&#xE2D;&#xE19;&#xE04;&#xE23;&#xE34;&#xE2A;&#xE15;&#xE4C;&#xE28;&#xE31;&#xE01;&#xE23;&#xE32;&#xE0A; -- &#xE0B;&#xE38;&#xE19;&#xE27;&#xE39; / &#xE0B;&#xE38;&#xE19;&#xE08;&#xE37;&#xE48;&#xE2D; (Sun Wu : Sunzi) 544-496 &#xE1B;&#xE35;&#xE01;&#xE48;&#xE2D;&#xE19;&#xE04;&#xE23;&#xE34;&#xE2A;&#xE15;&#xE4C;&#xE28;&#xE31;&#xE01;&#xE23;&#xE32;&#xE0A; -- &#xE21;&#xE48;&#xE2D;&#xE08;&#xE37;&#xE48;&#xE2D; (Mozi) 470-391 &#xE1B;&#xE35;&#xE01;&#xE48;&#xE2D;&#xE19;&#xE04;&#xE23;&#xE34;&#xE2A;&#xE15;&#xE4C;&#xE28;&#xE31;&#xE01;&#xE23;&#xE32;&#xE0A; -- &#xE40;&#xE21;&#xE34;&#xE48;&#xE07;&#xE08;&#xE37;&#xE48;&#xE2D; (Mengzi/Mencius) 372-289 &#xE1B;&#xE35;&#xE01;&#xE48;&#xE2D;&#xE19;&#xE04;&#xE23;&#xE34;&#xE2A;&#xE15;&#xE4C;&#xE28;&#xE31;&#xE01;&#xE23;&#xE32;&#xE0A; -- &#xE2E;&#xE38;&#xE48;&#xE22; &#xE0B;&#xE37;&#xE2D; / &#xE2E;&#xE38;&#xE48;&#xE22;&#xE08;&#xE37;&#xE48;&#xE2D; (Hui Shi/Huizi) 370-310 &#xE1B;&#xE35;&#xE01;&#xE48;&#xE2D;&#xE19;&#xE04;&#xE23;&#xE34;&#xE2A;&#xE15;&#xE4C;&#xE28;&#xE31;&#xE01;&#xE23;&#xE32;&#xE0A; -- &#xE08;&#xE27;&#xE07;&#xE08;&#xE37;&#xE48;&#xE2D; (Zhuangzi) 369-286 &#xE1B;&#xE35;&#xE01;&#xE48;&#xE2D;&#xE19;&#xE04;&#xE23;&#xE34;&#xE2A;&#xE15;&#xE4C;&#xE28;&#xE31;&#xE01;&#xE23;&#xE32;&#xE0A; -- &#xE0B;&#xE38;&#xE19;&#xE08;&#xE37;&#xE48;&#xE2D; (Xunzi) 310-238 &#xE1B;&#xE35;&#xE01;&#xE48;&#xE2D;&#xE19;&#xE04;&#xE23;&#xE34;&#xE2A;&#xE15;&#xE4C;&#xE28;&#xE31;&#xE01;&#xE23;&#xE32;&#xE0A; -- &#xE42;&#xE08;&#xE27; &#xE2B;&#xE22;&#xE32;&#xE19; (Zou Yan) 305-240 &#xE1B;&#xE35;&#xE01;&#xE48;&#xE2D;&#xE19;&#xE04;&#xE23;&#xE34;&#xE2A;&#xE15;&#xE4C;&#xE28;&#xE31;&#xE01;&#xE23;&#xE32;&#xE0A; -- &#xE2E;&#xE31;&#xE48;&#xE19; &#xE40;&#xE1F;&#xE22; (Han Fei) 280-233 &#xE1B;&#xE35;&#xE01;&#xE48;&#xE2D;&#xE19;&#xE04;&#xE23;&#xE34;&#xE2A;&#xE15;&#xE4C;&#xE28;&#xE31;&#xE01;&#xE23;&#xE32;&#xE0A; -- &#xE25;&#xE27;&#xE35;&#xE48; &#xE1B;&#xE39;&#xE40;&#xE27;&#xE48;&#xE22; (Lu Buwei) 291-235 &#xE1B;&#xE35;&#xE01;&#xE48;&#xE2D;&#xE19;&#xE04;&#xE23;&#xE34;&#xE2A;&#xE15;&#xE4C;&#xE28;&#xE31;&#xE01;&#xE23;&#xE32;&#xE0A;.</subfield>
  </datafield>
  <datafield tag="650" ind1=" " ind2="4">
    <subfield code="a">&#xE1B;&#xE23;&#xE31;&#xE0A;&#xE0D;&#xE32;&#xE08;&#xE35;&#xE19;</subfield>
    <subfield code="9">12428</subfield>
  </datafield>
  <datafield tag="942" ind1=" " ind2=" ">
    <subfield code="c">GB</subfield>
    <subfield code="2">lcc</subfield>
  </datafield>
  <datafield tag="996" ind1=" " ind2=" ">
    <subfield code="a">saiphon.d</subfield>
    <subfield code="b">CATSTF	</subfield>
    <subfield code="c">2024-10-07</subfield>
  </datafield>
  <datafield tag="999" ind1=" " ind2=" ">
    <subfield code="c">105924</subfield>
    <subfield code="d">105924</subfield>
  </datafield>
  <datafield tag="998" ind1=" " ind2=" ">
    <subfield code="j">111</subfield>
    <subfield code="k"> &#xE19;&#xE32;&#xE07;&#xE2A;&#xE32;&#xE27;&#xE1E;&#xE08;&#xE1E;&#xE34;&#xE13;  &#xE1E;&#xE23;&#xE21;&#xE40;&#xE2D;&#xE35;&#xE48;&#xE22;&#xE21;</subfield>
  </datafield>
  <datafield tag="952" ind1=" " ind2=" ">
    <subfield code="0">0</subfield>
    <subfield code="1">0</subfield>
    <subfield code="2">lcc</subfield>
    <subfield code="4">0</subfield>
    <subfield code="7">0</subfield>
    <subfield code="8">CGBL</subfield>
    <subfield code="a">NALT</subfield>
    <subfield code="b">NALT</subfield>
    <subfield code="c">GEN</subfield>
    <subfield code="d">2024-09-28</subfield>
    <subfield code="e">194</subfield>
    <subfield code="l">1</subfield>
    <subfield code="m">1</subfield>
    <subfield code="o">B 126 &#xE0D;299&#xE2A; 2567</subfield>
    <subfield code="p">3961214427</subfield>
    <subfield code="r">2024-11-05 00:00:00</subfield>
    <subfield code="s">2024-10-25</subfield>
    <subfield code="w">2024-09-28</subfield>
    <subfield code="y">GB</subfield>
  </datafield>
</record>
